Provincias por límites - Estadísticas

Estadísticas generales
  • Esta prueba ha sido intentada 142 veces
  • La puntuación promedio es 46 de 50
Respuestas en el mapa
Las respuestas están codificadas por una escala verde-roja en el mapa de la prueba según el % correcto abajo.
 
Estadísticas de respuestas
Provincia % Correcto
Toledo
99%
Ávila
98%
Badajoz
98%
Cuenca
98%
Segovia
98%
Sevilla
98%
Asturias
97%
Guadalajara
97%
Huelva
97%
León
97%
Lugo
97%
Madrid
97%
Málaga
97%
Tarragona
97%
Barcelona
96%
Córdoba
96%
Lleida
96%
Cádiz
95%
Cantabria
95%
Girona
95%
Ourense
95%
Albacete
94%
Teruel
94%
Cáceres
93%
Ciudad Real
93%
A Coruña
92%
Castellón
92%
Navarra
92%
Pontevedra
92%
Valladolid
92%
Zamora
92%
Alicante
91%
Granada
91%
Salamanca
91%
Valencia
91%
Zaragoza
91%
Álava
90%
Palencia
90%
Burgos
89%
La Rioja
89%
Huesca
88%
Almería
87%
Jaén
87%
Murcia
87%
Vizcaya
87%
Soria
86%
Guipúzcoa
85%
Islas Baleares
75%
Las Palmas
70%
Santa Cruz de Tenerife
67%
No se encontraron pruebas coincidentes
Distribución de puntuación
Porcentaje de gente con cada puntuación
Porcentaje por número respondido
Historial de tus puntuaciones
No has intentado esta prueba.